Child in India : a statistical Profile (Record no. 495441)

000 -LEADER
fixed length control field 00337cam a22001097a 4500
008 - FIXED-LENGTH DATA ELEMENTS--GENERAL INFORMATION
fixed length control field 180718b1985 xxu||||| |||| 00| 0 eng d
082 ## - DEWEY DECIMAL CLASSIFICATION NUMBER
Classification number Q43065x54 In2
245 ## - TITLE STATEMENT
Title Child in India : a statistical Profile
Statement of responsibility, etc. by Ministry Of Welfare
260 ## - PUBLICATION, DISTRIBUTION, ETC.
Place of publication, distribution, etc. New Delhi
Name of publisher, distributor, etc. Government of India
Date of publication, distribution, etc. 1985
300 ## - PHYSICAL DESCRIPTION
Extent 1519p.
700 ## - ADDED ENTRY--PERSONAL NAME
Personal name India. Ministry Of Welfare
Holdings
Withdrawn status Lost status Damaged status Not for loan Permanent Location Current Location Date acquired Full call number Barcode Date last seen Price effective from Koha item type
        Indian Institute of Public Administration Indian Institute of Public Administration 2018-08-04 Q43065x54 In2 GG20326 2018-08-04 2018-08-04 GG

Powered by Koha